Man's peace - God's glory. (Record no. 10173)

000 -LEADER
fixed length control field 00539nam a2200181 a 4500
001 - CONTROL NUMBER
control field :::00007958$&:&@@
003 - CONTROL NUMBER IDENTIFIER
control field OkBaRHE
005 - DATE AND TIME OF LATEST TRANSACTION
control field 20000607103340.0
008 - FIXED-LENGTH DATA ELEMENTS--GENERAL INFORMATION
fixed length control field s1961 j 000 0 eng u
040 ## - CATALOGING SOURCE
Transcribing agency
100 1# - MAIN ENTRY--PERSONAL NAME
Personal name Fife, Eric S.
245 10 - TITLE STATEMENT
Title Man's peace - God's glory.
260 ## - PUBLICATION, DISTRIBUTION, ETC. (IMPRINT)
Place of publication, distribution, etc Chicago, IL., :
Name of publisher, distributor, etc Inter-Varsity Press
Date of publication, distribution, etc 1961
300 ## - PHYSICAL DESCRIPTION
Extent 144 p.
650 ## - SUBJECT ADDED ENTRY--TOPICAL TERM
Topical term or geographic name as entry element Missions
General subdivision Addresses, Essays, Lectures
942 ## - ADDED ENTRY ELEMENTS (KOHA)
Source of classification or shelving scheme
Koha item type Books
Copies
Date last seen Source of classification or shelving scheme Koha item type Damaged status Withdrawn status Date acquired Copy number Not for loan Lost status Barcode Shelving location Price effective from Full call number Permanent Location
2010-04-14 Books  2010-04-141  7958General Stacks2010-04-14BV 2070 .F5RHEMA Bible Training College